Statistiques concernant Chansons de Brassens par description

Cliquez ici pour prendre le quiz!

Statistiques générales

  • Ce quiz a été pris 26 fois
  • Le résultat moyen est 6 sur 16

Statistiques - réponses

DescriptionTitre% Correct
Un homme décrit son malaise dans une ville où personne ne voit ce qu'il fait d'un bon oeil.La mauvaise réputation
92%
Ode à l'amitié.Les copains d'abord
75%
Brassens se soumet à sa femme, lui qui était d'un tempérament rebelle avant de la connaître.Je me suis fait tout petit
42%
Brassens se plaint des travers de la notoriété.Les trompettes de la renommée
42%
Reprise en chanson d'un poème de Louis Aragon.Il n'y a pas d'amour heureux
38%
Deux adolescents vont faire une ballade champêtre et émotionnelle.La chasse aux papillons
38%
Le narrateur regrette que les enterrements ne se passent plus comme avant.Les funérailles d'antan
38%
Deuxième ville la plus peuplée de la Drôme. Dans cette chanson, il critique les gens qui abandonnent leurs animaux de compagnie sur le chemin des vacances.Montélimar
33%
Éloge funèbre d'un volatile.La cane de Jeanne
29%
Le narrateur dénonce la fierté excessive des habitants d'un lieu.La ballade des gens qui sont nés quelque part
25%
Testament de Georges Brassens.Supplique pour être enterré à la plage de Sète
25%
Reprise en chanson d'un poème de Victor Hugo.Gastibelza
21%
Le narrateur regrette que la messe ne se fasse plus en latin.Tempête dans un bénitier
21%
Un homme prévient les passants qu'un phénomène naturel risque de les déranger.Le vent
17%
Reprise en musique d'un poème de François Villon.Ballade des dames du temps jadis
13%
Un homme se plaint de ne jamais pouvoir faire de cadeaux à celle qu'il aime.Marinette
8%

Distribution des résultats

Percentile par nombre de réponses

% des personnes avec chaque résultat

Votre développement - résultats

Vous n’avez pas pris ce quiz